Creación artística y promesas de libertad / (Record no. 21529)

MARC details
000 -CABECERA
campo de control de longitud fija 00690nam a2200229 4500
003 - IDENTIFICADOR DEL NÚMERO DE CONTROL
campo de control OSt
005 - FECHA Y HORA DE LA ÚLTIMA TRANSACCIÓN
campo de control 20260601193843.0
008 - DATOS DE LONGITUD FIJA--INFORMACIÓN GENERAL
campo de control de longitud fija 260422b1977 sp |||| |||| 00| 0 spa d
020 ## - NÚMERO INTERNACIONAL ESTÁNDAR DEL LIBRO
Número Internacional Estándar del Libro 8425206537
040 ## - FUENTE DE LA CATALOGACIÓN
Centro catalogador/agencia de origen ICI
Lengua de catalogación spa
Centro/agencia transcriptor ICI
050 ## - SIGNATURA TOPOGRÁFICA DE LA BIBLIOTECA DEL CONGRESO
Número de clasificación NX165
Número de documento/Ítem R47
100 #1 - ENTRADA PRINCIPAL--NOMBRE DE PERSONA
Nombre de persona Revault D'allonnes, Olivier,
9 (RLIN) 31066
245 #1 - MENCIÓN DE TÍTULO
Título Creación artística y promesas de libertad /
Mención de responsabilidad, etc. Olivier revault d'allonnes
264 ## - PRODUCCIÓN, PUBLICACIÓN, DISTRIBUCIÓN, FABRICACIÓN Y COPYRIGHT
Nombre del de productor, editor, distribuidor, fabricante Gustavo Gili, |
Fecha de producción, publicación, distribución, fabricación o copyright 1977
Producción, publicación, distribución, fabricación y copyright Barcelona :
300 ## - DESCRIPCIÓN FÍSICA
Extensión 286 páginas
Dimensiones 21cm.
336 ## - TIPO DE CONTENIDO
Término de tipo de contenido texto
Fuente rdacontent
337 ## - TIPO DE MEDIO
Nombre/término del tipo de medio sin medio
Fuente rdamedia
338 ## - TIPO DE SOPORTE
Nombre/término del tipo de soporte volumen
Fuente rdacarrier
650 #0 - PUNTO DE ACCESO ADICIONAL DE MATERIA--TÉRMINO DE MATERIA
Término de materia o nombre geográfico como elemento de entrada Arte
Subdivisión general Psicología
650 #0 - PUNTO DE ACCESO ADICIONAL DE MATERIA--TÉRMINO DE MATERIA
Término de materia o nombre geográfico como elemento de entrada Creación (Literaria, artística, etc.)
942 ## - ELEMENTOS DE PUNTO DE ACCESO ADICIONAL (KOHA)
Fuente del sistema de clasificación o colocación Library of Congress Classification
Tipo de ítem Koha Libros
Suprimir en OPAC 1
Holdings
Estado de retiro Estado de pérdida Fuente del sistema de clasificación o colocación Estado dañado No para préstamo Localización permanente Ubicación/localización actual Fecha de adquisición Total de préstamos Signatura topográfica completa Código de barras Fecha visto por última vez Número de copia Precio válido a partir de Tipo de ítem Koha
El ejemplar forma parte de la colección y puede ser consultado según las políticas vigentes.   Library of Congress Classification     Biblioteca de Diseño Museo Franz Mayer Biblioteca de Diseño Museo Franz Mayer 22/04/2026   NX165 R47 BDIMFM000123 22/04/2026 Ej.1 22/04/2026 Libros